Normal view
MARC view
- INSURGENCY AND TERRORISM TERRORISM
Entry Topical Term
001 - CONTROL NUMBER
- control field: 76919
003 - CONTROL NUMBER IDENTIFIER
- control field: NUST
005 - DATE AND TIME OF LATEST TRANSACTION
- control field: 20210628205740.0
008 - FIXED-LENGTH DATA ELEMENTS
- fixed length control field: 210628|| aca||aabn | a|a d
040 ## - CATALOGING SOURCE
- Original cataloging agency: NUST
- Transcribing agency: NUST
150 ## - HEADING--TOPICAL TERM
- Topical term or geographic name entry element: INSURGENCY AND TERRORISM TERRORISM
670 ## - SOURCE DATA FOUND
- Source citation: Work cat.: (NUST): Bhaskar Sarkar. Col 76918, Tackling insurgency and terrorism blueprint for action, 1998
